New Malaysian who's who
| Format: | Book |
|---|---|
| Published: |
Kuala Lumpur :
Kasuya Pub., ,
2005
|
| Edition: | 3rd ed. |
| Subjects: |
MARC
| LEADER | 00000cam a2200000 7i4500 | ||
|---|---|---|---|
| 001 | 0000003574 | ||
| 005 | 20070809.0 | ||
| 020 | 0 | 0 | |a 9839624024 |
| 090 | 0 | 0 | |a 920.0595 |b NEW |
| 245 | 1 | 0 | |a New Malaysian who's who |
| 250 | 0 | 0 | |a 3rd ed. |
| 260 | 0 | 0 | |a Kuala Lumpur : |b Kasuya Pub., , |c 2005 |
| 300 | |a 788p. ; |c 27cm. | ||
| 500 | 0 | 0 | |a Includes index |
| 651 | 0 | 0 | |a Malaysia |x Biography |
| 999 | |a 0000006968 |b Monograph |c Open Shelf |e Default branch | ||